| 000 | 00803nam a2200205 i 4500 | ||
|---|---|---|---|
| 001 | 101331 | ||
| 003 | ES-MaACL | ||
| 005 | 20230906182856.0 | ||
| 007 | t| | ||
| 008 | 051017s1967 sp ||||1| spa d | ||
| 100 | 1 |
_aMaza, Jesús de la. _979451 |
|
| 245 | 1 | 3 |
_aEl empleo de la tracción animal en los aprovechamientos forestales / _cJesús de la Maza, Luis M. Elvira Martín, Miguel García Fuentes. |
| 260 |
_aMadrid : _bInstituto Forestal de Investigaciones y Experiencias, _c1967. |
||
| 300 |
_a195 p. con 6 lám. y 2 gráf. : _bil. ; _c24 cm. |
||
| 700 | 1 |
_aElvira Martín, Luis M. _947127 |
|
| 700 | 1 |
_aGarcía Fuentes, Miguel. _954628 |
|
| 710 | 2 |
_aInstituto Forestal de Investigaciones y Experiencias. _95059 |
|
| 852 |
_aES-MaACL _jC-32975 _bR.63514 |
||
| 852 |
_aES-MaACL _jC-32974 _bR.63704 |
||
| 999 |
_c101331 _d101331 |
||